000 00469nam a2200181Ia 4500
003 GCL
008 140319s9999 xx 000 0 ara d
040 _aGCL /
_cGCL
082 0 4 _aط
_b813.087
_bم غ
100 1 _aمايكرهارد كاسل
245 1 0 _aالغواص /
_cمايكرهارد كاسل
700 1 _aحارث المطلبى
490 _a
650 0 4 _aالاطفال
650 0 4 _aالقصص
650 0 4 _aقصص الاطفال
942 _2ddc
_cBK
999 _c44770
_d44770